Vývoz do Spojených Arabských Emirátů

Spojené Arabské Emiráty - najväčší obchodný partner ČR spomedzi arabských krajín. História obchodného partnerstva Česka a SAE. Vývoz ČR do SAE a jeho perspektívy. Tabuľka tovarov vyvážaných do Spojených Arabských Emirátov.

Na minha lista:
Detalhes bibliográficos
Autor principal: Straka, Miloš
Formato: Capítulo de Livro
Idioma:tcheco
Assuntos:
Tags: Adicionar Tag
Sem tags, seja o primeiro a adicionar uma tag!

MARC

LEADER 00000naa a2200000 4500
001 r037761
005 20230908092345.7
041 0 |a cze 
044 |a CZ 
245 1 0 |a Vývoz do Spojených Arabských Emirátů  |c Miloš Straka 
520 |a Spojené Arabské Emiráty - najväčší obchodný partner ČR spomedzi arabských krajín. História obchodného partnerstva Česka a SAE. Vývoz ČR do SAE a jeho perspektívy. Tabuľka tovarov vyvážaných do Spojených Arabských Emirátov. 
610 2 0 |a vývoz 
610 2 0 |a partneri obchodní 
610 2 0 |a Česko 
610 2 0 |a Spojené Arabské Emiráty 
610 2 0 |a tovar 
610 2 0 |a styk zahraničnoobchodný 
610 2 0 |a 1993-1998 
100 1 |a Straka, Miloš